Dikiş Kafa 2 - Korsanın Gözü (Record no. 1287076)

MARC details
000 -LEADER
sabit uzunluktaki kontrol alanı 00269nam a2200109Ia 4500
001 - KONTROL NUMARASI
kontrol alanı 1287076
005 - EN SON İŞLEMİN TARİH VE ZAMANI
kontrol alanı 20260417164409.0
008 - SABİT-UZUNLUKTA VERİ ÖĞELERİ--GENEL BİLGİ
sabit uzunluktaki kontrol alanı 260417s9999 xx 000 0 und d
020 ## - ULUSLARARASI STANDART KİTAP NUMARASI
Uluslararası Standart Kitap Numarası 9786256030770
245 #0 - ESER / YAZAR
ESER ADI Dikiş Kafa 2 - Korsanın Gözü
260 ## - YAYIN, DAĞITIM, VB.
YAYIN EVİ Dokuz Çocuk
Holdings
Düşüm durumu Kayıp durumu Hasar Durumu Ödünç verilmez Ana kütüphane Geçerli Kütüphane Edinilen tarih Toplam ödünç verme sayısı Barkod Son görüntüleme tarihi Fiyatın geçerli olmaya başladığı tarih Koha materyal türü
        ŞERİFE AKKANAT İLKOKULU ŞERİFE AKKANAT İLKOKULU 17.04.2026   1105693 17.04.2026 17.04.2026 Books